000 00886nam a2200241Ia 4500
008 191130s2006##################000#0#eng##
020 _a9788131600139
022 _a2006414621
040 _aACL
_cACL
082 _a301 VIN
100 _aLavania, Vinita
245 _aChildless couples : social consequences of sterility and infertility
_cVinita Lavania
260 _aJaipur
_bRawat Publications
_c2006
300 _axviii, 230 p. ; 22 cm
500 _aIncludes bibliographical references (p. [224]-227) and index
650 _aChildlessness - India - Rajasthan - Psychological aspects
650 _aChildlessness - Social aspects - Rajasthan - India
650 _aInfertility - India - Rajasthan - Psychological aspects
650 _aInfertility - Social aspects - India - Rajasthan
990 _ab91156dfac10000c732c31b8d9b894ec
991 _a227478
999 _c251087
_d251087